000 00432nam a2200193Ia 4500
008 170918s9999 xx 000 0 und d
020 _a9780590486156
050 _bG633 1989
100 _aGomi, Taro
245 _aMy friends /
245 _cTaro Gomi.
260 _aNew York :
260 _bScholastic,
260 _c1989
300 _aunpaged :
300 _bcolored illustration ;
300 _c21cm.
500 _a470
999 _c342678
_d342678